| 000 | 00735nam a2200229Ia 4500 | ||
|---|---|---|---|
| 003 | GCL | ||
| 008 | 140319s9999 xx 000 0 ara d | ||
| 040 |
_aGCL / _cGCL |
||
| 082 | 0 | 4 |
_a617.7 _bم ا |
| 100 | 1 | _aمحمد عمارة | |
| 245 | 1 | 0 |
_aامراض واصابات العيون والوقاية منها / _cمحمد عمارة |
| 250 | _aالاولى | ||
| 260 |
_aالقاهرة : _bمركز الاهرام للترجمة والنشر ، _c1998 |
||
| 300 |
_a112 ص ؛ _c24 سم |
||
| 490 |
_aاعرف صحتك _v19 |
||
| 650 | 0 | 4 | _aالعين |
| 650 | 0 | 4 | _aالعين - امراض |
| 650 | 0 | 4 | _aالاطفال - امراض |
| 650 | 0 | 4 | _aالعين - اورام |
| 650 | 0 | 4 | _aالعين - حماية |
| 942 |
_2ddc _cBK |
||
| 999 |
_c9224 _d9224 |
||